| 000 | 00635nam a2200205Ia 4500 | ||
|---|---|---|---|
| 008 | 090124s9999 xx 000 0 und d | ||
| 020 | _a81-260-2036-9 | ||
| 082 | _b43557 | ||
| 100 | _aपटेल धीरूबहेन | ||
| 245 | _aAGANTUK आगन्तुक | ||
| 250 | _a1 | ||
| 260 |
_bसाहित्य अकादेमी _c2005 |
||
| 300 | _a106 | ||
| 600 | _aपटेल धीरूबहेन | ||
| 630 | _aAGANTUK आगन्तुक | ||
| 700 | _aकरोगल सुषमा | ||
| 700 | _aपटेल धीरूबहेन | ||
| 730 | _aAGANTUK आगन्तुक | ||
| 942 | _cBOOK | ||
| 999 |
_c109786 _d109786 |
||